000 00585nam a22001817a 4500
999 _c190722
_d190722
005 20220803153440.0
010 _aENG-134211
020 _a9788192891019
_c400.00
035 _aEN-117743
037 _bDBAD/PUB
082 _a803
100 _aMahida, Chintan A.
245 _aPopular Literary Terms:
_bA Brief Handbook/
_cChintan A. Mahida
260 _aGujarat
_bPublish World
_c2014
270 _a10, Toran Bunglows, Near Nandbhumi, A.V. Road Anand
_bGujarat
_e388001
_mpwisbn@gmail.com
300 _a135p.
_bBibliography
_c22cm(pbk)
942 _2ddc
_cEN
_h803
_mMAH